| 000 | 01247cam a2200193 a 4500 | ||
|---|---|---|---|
| 999 |
_c4045 _d4045 |
||
| 020 | _a0205335411 (alk. paper) | ||
| 050 | 0 | 0 |
_aBC177 _b.I53 2002 |
| 100 | 1 | _aInch, Edward S. | |
| 245 | 1 | 0 |
_aCritical thinking and communication : _bthe use of reason in argument / _cEdward S. Inch, Barbara Warnick. |
| 250 | _a4th ed. | ||
| 260 |
_aBoston, MA : _bAllyn and Bacon, _cc2002. |
||
| 300 |
_ax, 374 p. : _bill. ; _c24 cm. |
||
| 505 | _aPART I. BUILDING A CONCEPTUAL FRAMEWORK. 1. Argument and Argumentation --- 2. Contexts for Argument --- 3. Argument Occasions ---- PART II. Communicating Arguments. 4. Arguers, Recipients, and Argumentation --- 5. Language and Argument ---- PART III. Parsing Arguments. 6. Argument Claims and Propositions --- 7. Evidence in Argument: the Foundation for Arguments --- 8. Reasoning and the Process of making Inferences ---- PART IV. Arguing Extended Cases. 9. Case Construction: Arguing About Propositions of fact --- 10. Arguing About Values --- 11. Arguing About Policies ---- PART V. Analyzing Arguments. 12. Argument Analysis and Criticism ---- Appendices. | ||
| 650 | 0 | _aReasoning | |
| 650 | 0 | _aCritical thinking | |
| 650 | 0 | _aInterpersonal communication | |
| 700 | 1 | _aWarnick, Barbara, | |
| 942 | _cBK | ||